000 00745nam a22002177a 4500
003 UA-OsUOA
001 72458
007 ta
008 20110118b un ||||| |||| 00| 0 ukr d
100 _aТитаренко А.
090 _a659
_bТ45
942 _cSA
040 _aUA-OsUOA
_brus
_cUA-OsUOA
_dUA-OsUOA
245 _aКреативность и эффективность: точки пересечения
300 _aС.24-30
955 _a0
041 _arus
080 _a659
773 0 _w72456
_tМаркетинговые исследования
_dК.
_d2010
_g6
650 7 _a659 Реклама. Система інформації. Громадська інформація та реклама (Паблик-Рилейшнз)
_2UDC
999 _c358761
_d358761